| 000 | 01413nam a2200349 c 4500 | ||
|---|---|---|---|
| 999 |
_c77221 _d77221 |
||
| 003 | BLK | ||
| 005 | 20250319092602.0 | ||
| 008 | 180408b bul|||||r ||||||| ||bul|| | ||
| 010 | _aKNG00081673000 | ||
| 020 | _a978-954-529-578-2 | ||
| 040 | _aBLK | ||
| 041 |
_aBUL _cBUL |
||
| 080 |
_aЧилийска литература _b821.134.2(83) _x-31 _z821.134.2(83)-31 |
||
| 100 | 1 |
_aАлиенде, Исабел _eпърви автор _930822 |
|
| 139 |
_aАлиенде, Исабел _bА 54 |
||
| 245 | 1 | 0 |
_aЗа любовта и сянката _bРоман _cИсабел Алиенде; прев. от исп. Екатерина Христева Делева; прев. от исп. Нина Велева. |
| 250 | _a2. изд. | ||
| 257 | _aCHI | ||
| 260 |
_bКолибри _c2008 _fСофия : Симолини |
||
| 300 |
_a268 с. _c20 см |
||
| 380 | _aX | ||
| 500 | _aОриг. загл. De amor y de sombra / Isabel Aliende. - 1. изд. 1989 на изд. Хр. Г. Данов - Пловдив | ||
| 700 | 1 |
_aДелева, Екатерина Христева _eпрев. от исп. _9363280 |
|
| 700 | 1 |
_aВелева, Нина _eпрев. от исп. _9371989 |
|
| 852 |
_aЦб 238529 _cП 860(7/8)-31/А 54 |
||
| 856 | 4 | _qpdf | |
| 856 | 4 | _qpdf | |
| 942 |
_cKNG _n0 _097 _s1 |
||
| 944 |
_aCR _c21.02.2008 _k30530 _lМинев Младен |
||
| 944 |
_aED _c21.01.2010 |
||
| 999 | _d77221 | ||